UITU Library & LRC     

Practical Approach to the Comparies Ordinance 1984,With CD Rom (Record no. 9550)

MARC details
000 -LEADER
fixed length control field 00493nam a2200181Ia 4500
008 - FIXED-LENGTH DATA ELEMENTS--GENERAL INFORMATION
fixed length control field 240925s9999 xx 000 0 und d
020 ## - INTERNATIONAL STANDARD BOOK NUMBER
International Standard Book Number NA
082 ## - DEWEY DECIMAL CLASSIFICATION NUMBER
Classification number 348.02SHA
100 ## - MAIN ENTRY--PERSONAL NAME
Personal name Shahun, Nazir Ahmed
245 #0 - TITLE STATEMENT
Title Practical Approach to the Comparies Ordinance 1984,With CD Rom
250 ## - EDITION STATEMENT
Edition statement 3rd
260 ## - PUBLICATION, DISTRIBUTION, ETC.
Place of publication, distribution, etc. Rawalpindi:
Name of publisher, distributor, etc. Federal law house
Date of publication, distribution, etc. ,2007.
300 ## - PHYSICAL DESCRIPTION
Extent 679p.
Other physical details NA
Type of unit Original
500 ## - GENERAL NOTE
General note Includes Index
600 ## - SUBJECT ADDED ENTRY--PERSONAL NAME
Personal name Social Sciences
650 ## - SUBJECT ADDED ENTRY--TOPICAL TERM
Topical term or geographic name entry element Social Sciences
942 ## - ADDED ENTRY ELEMENTS (KOHA)
Koha item type Books
Holdings
Withdrawn status Lost status Damaged status Not for loan Collection Home library Current library Date acquired Source of acquisition Cost, normal purchase price Total checkouts Full call number Barcode Date last seen Price effective from Koha item type
        Social Sciences UITU Library UITU Library 05/03/2007 N.J. Bookseller & Stationer 475.00   348.02SHA Q7051 09/25/2024 09/25/2024 Books

Powered by Koha